000 00217 a2200097 4500
001 4995
100 _aBecker,RA
245 _aIntroduction to theoretical mechanics
260 _a
_bMcGraw Hill
_c
090 _c4171
_d4171
942 _aNUST-CAE
_cM
_c30458
999 _c240068
_d240068